| 000 | 00519nab a2200181 a 4500 | ||
|---|---|---|---|
| 005 | 20210219155614.0 | ||
| 008 | 991125s1985 mx 000 0 spa u | ||
| 035 | _aUPN01000148583 | ||
| 100 | 1 | _aCervantes Soriano, Tania | |
| 222 | _aREVISTA MEXICANA DE PEDAGOGIA | ||
| 245 | _aAbramos paso a la oportunidad de un tinte de verdad | ||
| 300 | _a26-31 | ||
| 362 | 0 | _a2006 Año 17, no. 90, jul.-ago. | |
| 653 | 0 | _aINDIGENAS | |
| 653 | 0 | _aDISCRIMINACION | |
| 653 | 0 | _aIGUALDAD DE OPORTUNIDADES | |
| 905 | _aArticulo | ||
| 999 |
_c120724 _d120724 |
||